Merchants of death (Record no. 3649)

MARC details
000 -LEADER
fixed length control field 00670 a2200193 4500
010 ## - LIBRARY OF CONGRESS CONTROL NUMBER
LC control number ENG-85918
020 ## - INTERNATIONAL STANDARD BOOK NUMBER
International Standard Book Number 8124112618
Terms of availability 395.00
035 ## - SYSTEM CONTROL NUMBER
System control number EN-69451
037 ## - SOURCE OF ACQUISITION
Source of stock number/acquisition D.B.Act / Pub
082 14 - DEWEY DECIMAL CLASSIFICATION NUMBER
Classification number N
090 ## - LOCALLY ASSIGNED LC-TYPE CALL NUMBER (OCLC); LOCAL CALL NUMBER (OCLC)
-- 3727
-- 3727
100 1# - MAIN ENTRY--PERSONAL NAME
Personal name Dalmia Adhar, Neelima
245 1# - TITLE STATEMENT
Title Merchants of death
Statement of responsibility, etc by Neelima Dalmia Adhar
260 ## - PUBLICATION, DISTRIBUTION, ETC. (IMPRINT)
Place of publication, distribution, etc New Delhi
Name of publisher, distributor, etc Har-Anand Publications
Date of publication, distribution, etc 2007
270 ## - ADDRESS
Address E-49/3, Okhla Induatrial Area, Phase-II
City New Delhi
Postal code 110 020
Telephone number 011-41603490
Fax number 011-41708607
Electronic mail address haranand@rediffmail.com
300 ## - PHYSICAL DESCRIPTION
Extent 371 p.
Other physical details 22 cm ( Pbk.)
942 ## - ADDED ENTRY ELEMENTS (KOHA)
Institution code [OBSOLETE] dpl
Koha item type English Books
Call number prefix N / DAL
Holdings
Withdrawn status Lost status Source of classification or shelving scheme Damaged status Not for loan Collection code Home library Current library Source of acquisition Cost, normal purchase price Total Checkouts Full call number Barcode Date last seen Copy number Uniform Resource Identifier Cost, replacement price Price effective from Koha item type
    Dewey Decimal Classification   Not For Loan Fiction D.B.Act.Division D.B.Act.Division DBAD/PUB 395.00   N EN-69451 15/09/2008 1 3883 395.00 15/09/2008 English Books

© Delhi Public Library
Hit Counter
free hit counter